000 00615nam a2200229Ia 4500
003 OSt
005 20221005043941.0
006 a|||||r|||| 00| 0
007 ta
008 221004b |||||||| |||| 00| 0 eng d
024 _a48545
037 _cTextual
040 _aCRL
_cCRL
_beng
041 _2eng
_aeng
082 _aO111,6L40,LJ, J0
245 0 _aBoswell's London journal Ed by Frederick A. Pottle
260 _aHarmondsworth
_bPenguin Books
_c1950
300 _a400p.
_ccm.
650 _aENGLISH LITERATURE
942 _hO111,6L40,LJ, J0
_cTEXL
_2cc
999 _c952608
_d952608